Geography A-Z #2 - Statistics

General Stats
  • This quiz has been taken 61 times
  • The average score is 18 of 26
Answer Stats
Letter Question Answer % Correct
M Important City for Islam Mecca/ Medina
100%
C US State Starting with a 'C' California/ Colorado/ Connecticut
98%
D German for Germany Deutschland
98%
U Country Bordering Argentina and Brazil Uruguay
96%
J Montego Bay is a Tourist Spot on... Jamaica
94%
R Capital of Morocco Rabat
94%
V One of the Great Lakes in Africa Victoria
94%
F Viti Levu and Vanua Levu are this Country's Major Islands Fiji
92%
Z Country Formerly Known as Rhodesia Zimbabwe
92%
Y Country at the Southern End of the Arabian Peninsula Yemen
90%
H Magyarország is Native for... Hungary
88%
W Madison is the State Capital of... Wisconsin
88%
S Capital of Yemen Sana'a
76%
E Country With the Highest Murder Rate El Salvador
72%
A The Republic of Artsakh Lies Within Azerbaijan
62%
G Kumasi is the Capital of the Ashanti Region in Southern... Ghana
62%
N Most Populous City of Siberia Novosibirsk
52%
K Russian Exclave in Europe Kaliningrad
50%
B One of the Dutch ABC-Islands Bonaire
46%
O The Above Lies Along the ... River Ob
42%
T Sea Between the Island of Timor and Australia Timor Sea
42%
P Capital of French Polynesia Pape'ete
40%
X City Close to the Taiwanese Kinmen County Xiamen
38%
Q Capital and Largest City of Balochistan - Pakistan Quetta
34%
L The Northernmost Town Longyearbyen
14%
I Language of the Inuit Inuktitut
12%
No matching quizzes found
Score Distribution
Percent of People with Each Score
Percentile by Number Answered
Your Score History
You have not taken this quiz